<?xml version="1.0" encoding="UTF-8"?>
<record
    xmlns:xsi="http://www.w3.org/2001/XMLSchema-instance"
    xsi:schemaLocation="http://www.loc.gov/MARC21/slim http://www.loc.gov/standards/marcxml/schema/MARC21slim.xsd"
    xmlns="http://www.loc.gov/MARC21/slim">

  <leader>00304    a2200109   4500</leader>
  <controlfield tag="001">ART_33050</controlfield>
  <controlfield tag="005">20260410161926.0</controlfield>
  <controlfield tag="008">260409a                                 </controlfield>
  <datafield tag="245" ind1="1" ind2="0">
    <subfield code="a">Mecanismos del Protocolo de Kioto</subfield>
  </datafield>
  <datafield tag="100" ind1="1" ind2=" ">
    <subfield code="a">Godoy, Mar&#xED;a Natalia</subfield>
  </datafield>
  <datafield tag="773" ind1="0" ind2=" ">
    <subfield code="t">Lecturas</subfield>
    <subfield code="g">- N&#xBA; 13 (ene. 2009)</subfield>
    <subfield code="w">REV19328</subfield>
  </datafield>
  <datafield tag="999" ind1=" " ind2=" ">
    <subfield code="c">28183</subfield>
    <subfield code="d">28183</subfield>
  </datafield>
</record>
